00956 a2200217 45000010006000000050017000060080041000230030015000640400040000790800083001192450033002020200022002352500011002572640037002683000023003055050335003280410008006631000020006717000023006917000024007142397120260407155526.0260407a1977 arg spa dAR-UNSa-BCEJYS aAR-UNSa-BCEJYSbspacAR-UNSa-BCEJYS a658.15xAdministración financiera privada. Gestión financiera de empresas 10aFinanzas en administración a978-968-25-0547-8 a5a. ed 1aMéxico :bInteramericanac1977 axv, 795 p.c25 cm. a1. Estudio general de las finanzas: análisis, planificación y control - 2. Administración del capital en giro - 3. Decisiones sobre activo alargo plazo - 4. Fuentes y formas de financiación a largo plazo - 5. Estructura financiera y costo del capital - 6. Temas integrados en la administración financiera - 7. Apendices aspa1 aWeston, J. Ferd1 aBrigham, Eugene F.1 aAgut Armer, Vicente